| 000 | 00522 a2200169 4500 | ||
|---|---|---|---|
| 020 | _a813090618X | ||
| 024 | _a9788130906188 | ||
| 082 | _a515 | ||
| 090 |
_c1539 _d1539 |
||
| 100 | _aRao, H. S. Govinda | ||
| 245 |
_aHigher Engineering Mathematics _cH. S. Govinda Rao |
||
| 250 | _a1st | ||
| 260 |
_aNew Delhi _bViva Books _c2007 |
||
| 700 | _4Rao, H. S. Govinda | ||
| 942 |
_aSNS _cBK _k515 RAO |
||
| 999 |
_c71328 _d71328 |
||